000
00297nam a2200145Ia 4500
100
_a
Chitode/J.S.
942
_c
BK
654
_a
Communications
245
_a
Digital communications
260
_b
Technical
_c
1998
082
_a
621.382
_b
CHI
300
_a
513
546
_a
ENGLISH
999
_c
23478
_d
23478